000 00840njm a2200277 c 4500
003 BLK
005 20240823005407.0
008 180410b bul||n||s|||||||| n|bulo|
010 _aCDD00006613000
040 _aBLK
041 _aBUL
_cDEU
100 1 _aMahler, Gustav
_917569
700 1 _aБахметьев, П.
_e*
_9387511
139 _aMahler, Gustav
_bM 18
245 1 0 _aSymphonien 6 - 8 [аудио CD]
_bCompact Disc 1 - 4
_cGustav Mahler; * П. Бахметьев.
_nCompact Disc 2
_pSymphony No 6 in A minor
257 _aBGR
260 S. l.
_c1992
380 _a7
760 1 _aMahler, Gustav
_d1992
_tCompact Disc 2 Symphony No 6 in A minor
852 _aЦб CD 3127
_p0
856 4 _qpdf
_u
856 4 _qpdf
_u
942 _cCDD
_n0
944 _aCR
_c30.05.2012
_k
_lCRON CRON
944 _aED
_c30.05.2012
_k
999 _c225135
_d225135